000 01016cam a2200205 4500
001 ABS67032
008 031002n2003 000 0 eng u
035 _a(Sirsi) u123822
100 _aBrewer, G.
245 _aTermination at will clauses
260 _c2003
490 _aContract Journal
_v420(6442) 3 September 2003, 22(1)
520 _aDiscusses "Hadley Design Associates v Westminster LBC" ([2003] EWHC 1617 (TCC), Abs67031) which illustrates the operation of termination at will clauses. Such clauses are usually upheld by the courts with the effect that a contract may be brought to an end by one party without default on the part of the other party, provided that the requirements of the clause are strictly followed, such as the giving of appropriate notice.
590 _aABS
650 _aUNFAIR CONTRACT TERMS ACT 1977
650 _aTERMINATION CLAUSES
650 _aHADLEY DESIGN ASSOCIATES LTD V WESTMINSTER CITY COUNCIL
690 _aBUILT ENVIRONMENT-BUILDING CONTRACT FORMS
942 _n0
999 _c73539
_d73539